What Child Is This? Quiz Stats

 Plays Quiz Updated Dec 17, 2018

Support Sporcle.
Go Orange.
Score 0/117 Timer 04:00
0 Plays Today
% Correct
is
shall
a
98.7%
1. What
2. Why 
3. So    
97.7%
is
He
Him
97.5%
is
are
to
97.5%
are
is
en -
97.3%
Him
made
is
97.3%
this
in
in -
97.1%
this
in
in -
97.1%
this
in
in -
97.1%
this
in
in -
97.1%
Child
lies
bring
97%
This,
Nails,
Raise,
96.4%
This,
Nails,
Raise,
96.4%
this
spear
raise
96.4%
this
spear
raise
96.4%
this
spear
raise
96.4%
this
spear
raise
96.4%
this
spear
raise
96.4%
to
the
for
89.8%
the
Him
on
88.6%
to
es -
and
86.2%
Whom
Good
The
84.3%
Whom
The
The
84.1%
While
The
Let
83.6%
who,
such
cense,
81.9%
The
The
The
81.3%
the
the
the
81.3%
ry's
and
sant,
78.7%
gels
tians,
of
78.2%
Ma -
Ma -
Ma -
78%
Ma -
Ma -
Ma -
78%
ry.
ry.
ry.
78%
gels
for
la -
76.6%
gels
for
la -
76.6%
an -
Chris -
King
76.5%
On
Where
Come
76.5%
an -
me,
lul -
75.9%
and
for
her
75.4%
lap
ass
king
74.8%
% Correct
lap
ass
king
74.8%
lap
ass
king
74.8%
lap
ass
king
74.8%
bring
Word
Christ
74.7%
ing?
ing?
Him;
74.5%
Christ
pierce
song
73%
rest
tate,
myrrh,
72.7%
rest
tate,
myrrh,
72.7%
rest
tate,
myrrh,
72.7%
rest
tate,
myrrh,
72.7%
herds
be
gin
71.5%
King,
through,
high,
71%
King,
through,
high,
71%
King,
through,
high,
71%
King,
through,
high,
71%
sing;
you.
by.
70.5%
sing;
you.
by.
70.5%
laid
mean
gold
70.1%
of
of
of
68.6%
sleep -
feed -
own
67.9%
sleep -
feed -
own
67.9%
sleep -
feed -
own
67.9%
sleep -
feed -
own
67.9%
Son
Son
Son
66.4%
Son
Son
Son
66.4%
Son
Son
Son
66.4%
Son
Son
Son
66.4%
Son
Son
Son
66.4%
Son
Son
Son
66.4%
shep -
cross
vir -
65.5%
shep -
si -
lo -
64.1%
shep -
si -
lo -
64.1%
shep -
si -
lo -
64.1%
shep -
si -
lo -
64.1%
herds
lent
ving
64.1%
ing?
ing.
Him.
63.5%
ing?
ing.
Him.
63.5%
Ma -
ox
pea -
63.1%
watch
Word
hearts
59.9%
% Correct
watch
Word
hearts
59.9%
watch
Word
hearts
59.9%
watch
Word
hearts
59.9%
watch
Word
hearts
59.9%
watch
Word
hearts
59.9%
watch
Word
hearts
59.9%
with
for
sal -
59.8%
Babe,
Babe,
Babe,
57.4%
Babe,
Babe,
Babe,
57.4%
Babe,
Babe,
Babe,
57.4%
Babe,
Babe,
Babe,
57.4%
laud,
flesh,
born,
56.6%
laud,
flesh,
born,
56.6%
laud,
flesh,
born,
56.6%
laud,
flesh,
born,
56.6%
Haste,
Hail,
Joy,
52.4%
Haste,
Hail,
Joy,
52.4%
haste,
hail
joy
52.4%
haste,
hail
joy
52.4%
haste,
hail
joy
52.4%
haste,
hail
joy
52.4%
haste,
hail
joy
52.4%
greet
fear,
kings
52%
greet
fear,
kings
52%
greet
fear,
kings
52%
greet
fear,
kings
52%
keep -
plead -
throne
51.9%
keep -
plead -
throne
51.9%
sweet,
here
brings,
51.3%
sweet,
here
brings,
51.3%
sweet,
here
brings,
51.3%
sweet,
here
brings,
51.3%
an -
sin -
va -
48.8%
thems
ners
tion
48.8%
guard
borne
sings
47.9%
guard
borne
sings
47.9%
guard
borne
sings
47.9%
guard
borne
sings
47.9%
guard
borne
sings
47.9%

You're not logged in!

Compare scores with friends on all Sporcle quizzes.
OR
Log In
Forgot?

From the Vault

Godzilla Movies

by BlueWingX

Movies 7m
Godzilla has appeared in 28 films and is one of the most iconic characters in film history, yet he has yet to win an Oscar.
Remove Ads.
Support Sporcle.
Get the best of Sporcle when you Go Orange. This ad-free experience offers more features, more stats, and more fun while also helping to support Sporcle. Thank you for becoming a member.

Show Comments

Extras

Top Quizzes Today


Score Distribution

Your Account Isn't Verified!

In order to create a playlist on Sporcle, you need to verify the email address you used during registration. Go to your Sporcle Settings to finish the process.

Report this User

Report this user for behavior that violates our Community Guidelines.

Details: